कविता का उतर जीवन (Record no. 129192)

MARC details
000 -LEADER
fixed length control field 00436nam a2200145Ia 4500
008 - FIXED-LENGTH DATA ELEMENTS--GENERAL INFORMATION
fixed length control field 230917s9999||||xx |||||||||||||| ||und||
040 ## - CATALOGING SOURCE
-- 176851
Original cataloging agency VIVEKANANDA LIBRARY
041 ## - Language
-- English
082 ## - DDC NUMBER
Classification number 891.4317409 SP86K
100 ## - MAIN ENTRY--PERSONAL NAME
Personal name श्री वास्तव, परमानन्द
245 #0 - TITLE STATEMENT
Title कविता का उतर जीवन
260 ## - PUBLICATION, DISTRIBUTION, ETC. (IMPRINT)
Place of publication, distribution, etc दिल्ली
Name of publisher, distributor, etc राजकमल
Date of publication, distribution, etc 2004
300 ## - PHYSICAL DESCRIPTION
Pages 219 p.
942 ## - ADDED ENTRY ELEMENTS (KOHA)
Koha item type Hindi Books
Holdings
Withdrawn status Lost status Damaged status Not for loan Location (home branch) Sublocation or collection (holding branch) Date acquired Koha issues (times borrowed) Koha full call number Accession No. Koha date last seen Koha item type
        VIVEKANANDA LIBRARY VIVEKANANDA LIBRARY 06/01/2011   891.4317409 SP86K 226165 17/09/2023 Hindi Books
© Designed and Maintained by Vivekananda Library, MDU Rohtak